000 00485nam a2200193Ia 4500
005 20230410091840.0
008 131103s9999 xx 000 0 und d
040 _aLoreto College
041 _aEnglish
082 _aTAG 891.442
_bTAG
100 _aTagore, Rabindranath
245 4 _aThe Cycle of Spring
_cRabindranath Tagore
260 _a[S.L,]
_b[s.n.]
_c[19-]
300 _a134p
650 _aBengali Literature
651 _aBengali Drama
850 _aLCLIB
942 _cBK
999 _c16818
_d67297